000 00931nam a2200277 i 4500
003 DO-SdBNP
005 20250729113205.0
007 ta
008 250729b2004 dr a|||| |||| 00| 0 spa d
040 _aDO-SdBNP
_bspa
_cBNPHU
_erda
041 _aspa
082 4 _axxx
_bxxx
_222
110 1 _aRepública Dominicana
_9447
245 1 0 _aHacia el desarrollo sostenible /
_cilustrador, Ramón Sandoval
264 1 _aSanto Domingo :
_bSecretaría de Estado de Medio Ambiente y Recursos Naturales,
_c2004.
300 _a119 páginas :
_bIlustraciones, gráficas ;
_c20 cm.
336 _2rdacontent
_atexo
_btxt
337 _2rdamedia
_asin mediación
_bn
338 _2rdacarrier
_avolumen
_bnc
500 _aIncluye bibliografía y notas al pie de páginas.
504 _aBibliografía : página 25
590 _aInventariado 2025/BT
700 _4il.
_aSandoval, Ramón,
_eilustrador
_910955
910 _aBtavárez
942 _2ddc
_cLF2
999 _c53233
_d53233